Topics in harmonic analysis on homogeneous spaces

Salvato in:
Dettagli Bibliografici
Autore principale: Helgason, Sigurdur (Autore)
Natura: Libro
Lingua:inglese
Pubblicazione: Boston Birkhäuser 1981
Serie:Progress in Mathematics, 13
Soggetti:
Tags: Aggiungi Tag
Nessun Tag, puoi essere il primo ad aggiungerne!!

MARC

LEADER 00000nam a2200000 a 4500
001 UCP3062
003 CL-VaPUC
008 990604e19810000US |||||||||||||||||eng|d
082 0 4 |a 515.2433  |b HEL  |2 21 
100 |a Helgason, Sigurdur  |e author  |9 619421 
245 1 0 |a Topics in harmonic analysis on homogeneous spaces 
300 |a 142 p 
942 |c BK 
945 |d 19990604 00:00:00  |a crobeson 
260 |a Boston  |b Birkhäuser  |c 1981 
650 0 |a Análisis armónico  |9 269929 
650 7 |a ESPACIOS HOMOGENEOS  |2 CL-VaPUC  |9 427767 
650 0 |a Análisis funcional   |9 269993 
583 |a last modification  |c 19990604 00:00:00  |k Rodrigo Vera 
490 0 |a Progress in Mathematics, 13 
999 |c 281501  |d 281499 
952 |0 0  |1 0  |4 0  |6 515_243300000000000_HEL_1981  |7 0  |8 A  |9 322257  |a BIBMAT  |b BIBMAT  |d 2019-11-20  |i 1347853  |o 515.2433 HEL 1981  |p 1347853  |r 2025-01-07  |w 2019-11-20  |y BK  |k MAT